00298nam a22000977a 450000500170000000800410001702000150005804000080007324500660008126000530014720200903102202.0200903b ||||| |||| 00| 0 eng d a0237285576 cCML aA Course in Domestic Subjects and Needlework.cRichmond, E.M. aGreat BritainbHazell Watson and Viney Ltdc1957